| 000 | 00744nam a2200217 a 4500 | ||
|---|---|---|---|
| 005 | 20250905063953.0 | ||
| 008 | 060224s2001 mx r 000 0 spa d | ||
| 020 | _a9685422087 | ||
| 035 | _aUPN01000142743 | ||
| 049 | _aCG | ||
| 050 | 4 |
_aHN110.5 A4.4 _bC6.2 |
|
| 100 | 1 | _aColl Lebedeff, Tatiana | |
| 245 | 1 | 0 |
_aAmérica Latina en el filo del siglo XXI : _bentre la catástrofe y los sueños : los nuevos actores sociales / _cTatiana Coll Lebedeff. |
| 260 |
_aMéxico : _bUPN : _bCasa Juan Pablos, _c2001. |
||
| 300 | _a207 p. | ||
| 651 | 2 |
_aAmérica Latina _xCondiciones sociales _92836 |
|
| 651 | 4 |
_aAmérica Latina _xCondiciones económicas _92747 |
|
| 650 | 4 |
_aEducación _zAmérica Latina _99694 |
|
| 905 | _aLibro | ||
| 999 |
_c114890 _d114890 |
||